Powiaty woj. wielkopolskiego na odwróconej mapie - Statystyki

Ogólne statystyki
  • Ten quiz został rozwiązany 24 razy
  • Średni wynik to 28 z 35
Odpowiedzi na mapie
Odpowiedzi zakodowano w zielono-czerwonej skali na mapie do tego quizu, zgodnie z poniższymi procentami.
 
Statystyki odpowiedzi
Powiaty % Poprawnych
Poznań
100%
Poznański
100%
Gnieźnieński
91%
Leszno
91%
Leszczyński
87%
Kaliski
83%
Kalisz
83%
Konin
83%
Koniński
83%
Ostrowski
83%
Pilski
83%
Pleszewski
83%
Grodziski
78%
Kolski
78%
Nowotomyski
78%
Rawicki
78%
Śremski
78%
Szamotulski
78%
Turecki
78%
Wągrowiecki
78%
Wolsztyński
78%
Czarnkowsko - Trzcianecki
74%
Gostyński
74%
Jarociński
74%
Międzychodzki
74%
Obornicki
74%
Słupecki
74%
Średzki
74%
Wrzesiński
74%
Złotowski
74%
Chodzieski
70%
Kępiński
70%
Kościański
70%
Ostrzeszowski
65%
Krotoszyński
61%
Nie znaleziono quizów pasujących do podanych kryteriów
Rozkład punktacji
Procent ludzi z każdym wynikiem
Percentyl według liczby udzielonych odpowiedzi
Twoja historia wyników
Nie rozwiązałeś tego quizu